00370nam a2200109Ia 4500082001300000245003300013100005200046942000700098008004100105999001900146952009500165 aEKF MAKG 0aPule and Pulane on the farm  a Makgeledise, Rebone Centurion, (2008) 95290 cBK210817s9999 xx 000 0 und d c309904d309903 00104070aCASSLbCASSLd2021-08-19g199.00l0p3322830055311r2021-08-19w2021-08-19yBK